000 00908nam a22002057a 4500
999 _c18212
_d18212
003 AR-CdUCM
008 190513b ||||| |||| 00| 0 spa d
040 _aMUNICIPALIDAD PROVINCIAL DEL CUSCO
_cBIBLIOTECA MUNICIPAL DEL CUSCO
082 _a335.441 /
_bST78
100 _aStalin, J.
_923951
245 _aCuestiones del leninismo /
260 _aMoscú :
_bEdiciones en Lenguas Extranjeras,
_c1941.
300 _a727 páginas ;
_bretrato,
_c21 cm.
505 _aContenido: Sobre los fundamentos del Leninismo -- La revolución de Octubre y la táctica de los comunistas Rusos -- En torno a los problemas del Leninismo -- Acerca de las tres consignas fundamentales del partido sobre el problema campesino -- El carácter internacional de la revolución de Octubre ...
650 _aComunismo
_9495
650 _aRusia
_9499
650 _aLeninismo
_9845
942 _2ddc
_cLIBROS
945 _aachl
_d2019-05-13